| 000 | 00628nam a2200205Ia 4500 | ||
|---|---|---|---|
| 003 | 0100 | ||
| 008 | 130303s9999 xx 000 0 und d | ||
| 020 | _a880480637 | ||
| 040 | _cARRUPELIB | ||
| 050 | _aRC607.A26P79 1984 | ||
| 245 | _aPsychiatric implications of acquired immune deficiency syndrome | ||
| 260 | _aWashington | ||
| 260 | _bAmerican Psychiatric Press | ||
| 260 | _C1984 | ||
| 300 | _axiii | ||
| 300 | _b 137p. 21cm. | ||
| 650 | _bPrisons --England --London --history London (England) --history | ||
| 700 | _aedited by Stuart E. Nichols, David G. Ostrow , Nichols, Stuart E.Ostrow, David G | ||
| 942 | 0 | 0 | _03 |
| 999 |
_c8983 _d8983 |
||